00241nam a22001097a 4500008004100000020001500041041000800056080000800064100000700072101000800079245004400087181030b xxu||||| |||| 00| 0 eng d a0195028279 aeng a101 a24 aFIL aThe Study of Human NaturecStevenson, L